Word Ladder: Body Parts Revisited Quiz Stats

 Plays Quiz Updated Sep 2, 2013

Support Sporcle.
Go Orange.
Score 0/32 Timer 04:00
0 Plays Today
✌ HINT ✌ ✌ WORD ✌ % Correct
Smooth fabricSILK
94.7%
Money depositoryBANK
94.5%
Under the weatherSICK
92.8%
Intergalactic smuggler Han ____SOLO
92.3%
Corn or missile storage facilitySILO
92.2%
✌ Beauty is only ____ deep ✌✌ SKIN ✌
91.9%
The ____ And Winding RoadLONG
91.3%
✌ Welcome ____, Kotter ✌✌ BACK ✌
91.3%
'Loser' singerBECK
90.6%
'____ The Drum Slowly'BANG
88.4%
Wolf, Star, or Ranger preceederLONE
88.3%
Shaving mishapNICK
88%
✌ Front of the lower leg ✌✌ SHIN ✌
86.7%
Warsaw residentPOLE
84.3%
✌ Whisker site✌✌ CHIN ✌
84.2%
✌ Dover flatfish ✌✌ SOLE ✌
83.5%
✌ HINT ✌ ✌ WORD ✌ % Correct
✌ Throggs ____, New York ✌✌ NECK ✌
83.1%
✌ Component of a skeleton ✌✌ BONE ✌
82.3%
✌ Scruff of the neck ✌✌ NAPE ✌
80.3%
Slangy negativeNOPE
80.3%
Inscrutable screen detective Charlie ____CHAN
74.1%
Benedict or Francis, e.g.POPE
73.1%
Batman nemesisBANE
70.9%
Extended familyCLAN
69.8%
Mossy fuelPEAT
61.6%
✌ Respiratory organ ✌✌ LUNG ✌
61.1%
'____ 9 From Outer Space'PLAN
59.9%
Barrel stopperBUNG
59%
Bottled up, like emotionPENT
58.8%
Huff and puffPANT
54.7%
Real estate mapPLAT
52.9%
Group of postage stampsPANE
50.6%

Today's Daily Dose

Word Ladder
Math Aid

Get the Picture
Warrior Women

You're not logged in!

Compare scores with friends on all Sporcle quizzes.
OR
Log In
Forgot?

From the Vault

Multiple Choice Gaming Slideshow

by bazmerelda

Gaming 6m
Whether you like board games or video games, there's something in this quiz for everyone.
Remove Ads.
Support Sporcle.
Get the best of Sporcle when you Go Orange. This ad-free experience offers more features, more stats, and more fun while also helping to support Sporcle. Thank you for becoming a member.

Show Comments

Extras

Top Quizzes Today


Score Distribution

Your Account Isn't Verified!

In order to create a playlist on Sporcle, you need to verify the email address you used during registration. Go to your Sporcle Settings to finish the process.

Report this User

Report this user for behavior that violates our Community Guidelines.

Details: